| 000 | 00791nam a2200289Ia 4500 | ||
|---|---|---|---|
| 001 | Z_1577 | ||
| 003 | CHAP | ||
| 008 | 220113s1995 xx 000 0 und d | ||
| 010 | _a164664 | ||
| 040 | _cCHAP | ||
| 090 | _aFolleto 633 | ||
| 100 |
_aUACH. _9138715 |
||
| 245 |
_aLa política agropecuaria y forestal en una situación de crisis, propuestas para el desarrollo del campo mexicano : resolutivos del Congreso Nacional Agropecuario y forestal / _cpor UACH |
||
| 260 |
_aChapingo, Méx. : _bLa UACH, _c1995 |
||
| 300 | _a19 p. | ||
| 440 | _a | ||
| 500 | _a | ||
| 503 | _a | ||
| 650 |
_aAgricultura y Estado _92035 |
||
| 650 |
_aAgricultura _xSociedades _91797 |
||
| 901 | _aFolleto 633 | ||
| 902 | _aA | ||
| 910 | _a1995 | ||
| 942 | _cc14 | ||
| 942 | _cc14 | ||
| 999 |
_c164664 _d164664 |
||